علم نفسك الإنترنت في 24 ساعة / (رقم التسجيلة. 1814)
[ عرض عادي ]
| 000 -الفاتح | |
|---|---|
| عناصر البيانات ثابتة الطول | 00661cam a2200205 i 4500 |
| 005 - تاريخ ووقت آخر معاملة | |
| حقل ضبط | 20251108164028.0 |
| 008 - عناصر البيانات ثابتة الطول | |
| عناصر البيانات ثابتة الطول | 250721s2000 le gr 000 0 ara d |
| 020 ## - الترقيم الدولي المعياري للكتب (ردمك) | |
| الترقيم الدولي المعياري للكتب (ردمك) | 995310123X |
| 082 14 - رقم تصنيف ديوي العشري | |
| رقم التصنيف | 004.65 |
| رقم المادة | ع ل م |
| 110 2# - مدخل رئيسي – اسم هيئة | |
| اسم الهيئة أو اسم السلطة المختصة كعنصر مدخل | يورك برس. |
| علاقة الهيئة بالعمل/ دورالهئية | مؤلف |
| 245 10 - بيان العنوان | |
| العنوان | علم نفسك الإنترنت في 24 ساعة / |
| بيان المسؤولية | تأليف يورك برس. |
| 250 ## - بيان الطبعة | |
| بيان الطبعة | الطبعة الثانية. |
| 264 1# - بيانات النشر، التوزيع…إلخ | |
| مكان النشر، التوزيع...إلخ | بيروت : |
| اسم الناشر، الموزع...إلخ | مكتبة لبنان، |
| تاريخ النشر، التوزيع...إلخ | 2000. |
| 300 ## - الوصف المادي | |
| عدد الوحدات المكونة للوعاء | 530 صفحة. |
| 650 17 - مدخل إضافي بالموضوع - مصطلح موضوعي | |
| مصطلح موضوعي أو اسم جغرافي كعنصر مدخل | شبكات الحواسيب. |
| 650 17 - مدخل إضافي بالموضوع - مصطلح موضوعي | |
| مصطلح موضوعي أو اسم جغرافي كعنصر مدخل | شبكات المعلومات. |
| 650 17 - مدخل إضافي بالموضوع - مصطلح موضوعي | |
| مصطلح موضوعي أو اسم جغرافي كعنصر مدخل | الإنترنيت. |
| 942 ## - بيانات إضافية (كوها) | |
| نوع التنصيف | Dewey Decimal Classification |
| نوع المادة (كوها) | كتب |
| حالة السحب | حالة الفقدان | مصدر التصنيف | حالة التلف | غير قابل للإعارة | المكتبة الرئيسية | المكتبة الحالية | موقع الرف | تاريخ التزويد | الرقم المتسلسل | Total Checkouts | رقم الإستدعاء | تاريخ آخر ظهور | تاريخ الفاتورة | نوع المادة (كوها) | الباركود |
|---|---|---|---|---|---|---|---|---|---|---|---|---|---|---|---|
| Dewey Decimal Classification | المكتبة المركزية | المكتبة المركزية | الإعارة | 04/09/2014 | 1581382 | 004.65/علم | 28/07/2025 | 04/09/2014 | كتب | PLD00305614 | |||||
| Dewey Decimal Classification | المكتبة المركزية | المكتبة المركزية | الإعارة | 04/09/2014 | 1581467 | 004.65 / ع ل م | 28/07/2025 | 04/09/2014 | كتب | PLD00305584 | |||||
| Dewey Decimal Classification | مكتبة أم قصير والمقابلين العامة | مكتبة أم قصير والمقابلين العامة | الإعارة | 18/08/2014 | 429844 | 004.65/علم | 28/07/2025 | 18/08/2014 | كتب | PLD00340858 | |||||
| Dewey Decimal Classification | مكتبة الحسن العامة | مكتبة الحسن العامة | الإعارة | 26/03/2019 | 429841 | 004.65/علم | 28/07/2025 | 26/03/2019 | كتب | PLD00447676 | |||||
| Dewey Decimal Classification | Unchecked | مكتبة وادي السير العامة | مكتبة وادي السير العامة | الإعارة | 28/07/2025 | 429846 | 004.65/علم | 28/07/2025 | 28/07/2025 | كتب |